Les 10 grandes villes françaises les plus arborées - Statistiques

Statistiques générales
  • Ce quiz a été pris 1 118 fois
    374 depuis la dernière actualisation
  • Le résultat moyen est 4 sur 10
Statistiques - réponses
Ville % % Correct
Marseille 28
85%
Nice 33
76%
Montpellier 32
62%
Toulon 34
50%
Nîmes 36
34%
Saint-Etienne 28
33%
Orléans 26
28%
Aix-en-Provence 36
23%
Mulhouse 27
12%
Argenteuil 29
3%
Aucun quiz correspondant
Distribution des résultats
% des personnes avec chaque résultat
Percentile par nombre de réponses
Votre historique - résultats
Vous n’avez pas pris ce quiz depuis la dernière actualisation